01874nam a2200265 i 4500003000900000005001700009006001900026007000300045008004100048040003000089082002900119100004900148245006600197250004400263264004800307300007900355336002700434337003300461338002800494500020800522505078100730650002501511650002201536651005001558DO-SdBNP20260114121206.0a||||dr|||| 00| 0 ta230927e1992 dr aodb| |||| 00| 0 spa d aDO-SdBNPbspacBNPHUerda 4222a370.114bA445e, 19921 aAlmanzar G., José Nicolás,d1935-eautor10aEducación moral y cívica. /cJosé Nicolás Almánzar. a12a. edición, aumentada y actualizada 1a[Santo Domingo] :b[no identificado],c1992 a200 páginas :bIlustraciones, fotografías, gráficas, mapas ;c27 cm. 2rdacontentatextobtxt 2rdamediaasin mediaciónbn 2rdacarrieravolumenbnc aDeclarado como libro de texto por el Consejo Nacional de Educación mediante Resolución no. 175 en mayo de 1975. Ganó en 1975 el Premio Nacional de didáctica "Manuel de Jesús Peña y Reinoso". aDedicatoria.-- Nuestra intensión.tUnidad No. 1. La Sociedad.-- Unidad No. 2. Derechos y Deberes Ciudadanos.-- Unidad No. 3. Régimen Municipal, Provincial y Nacional.-- Unidad No. 4. Moral y Religión.-- Unidad No. 5. Gobierno y Soberanía.-- Unidad No. 6 El Poder.-- Unidad No. 7 el Poder Legislativo.-- Unidad No. 8 El Poder Judicial.-- Unidad No. 9. Sistemas Penitenciarios.-- Unidad No. 10 La Constitución del Estado.-- Unidad No. 11 el Poder Electoral y el Poder de la Prensa.-- Unidad No. 12 La Administración Pública.-- Unidad No. 13 El Trabajo.-- tUnidad No. 14 Organismos Internacionales.-- Unidad No. 15 Reformas Constitucionales.-- Unidad No. 16 Elecciones Generales de 1978 y Reformas Constitucionales.-- Unidad No. 17 Elecciones Generales de 1982. 0aEducación cívica 0aEducación moral 0aRepública DominicanaxPolítica y gobierno